000 00668nam a22002177a 4500
999 _c179910
_d179910
005 20210716105529.0
010 _aENG-129567
020 _a978-93-89811-92-6
_c865.00
035 _aEN-113099
037 _bDBAD/PUB
082 _a621.367
100 _aS Jayaraman
245 _aDigital image processing/
_cby Raj kamal
250 _a2nd
260 _aAlapakkam
_bMc Graw Hill
_c2020
270 _a444/1,Sri Ekambara Naicker Industrial Estate,Alapakkam,Porur
_bChennai
_e600116
_minfo.india@mheducation.com
_k18001035875
300 _a875p
_c24cm(PB)
700 _a Esakkirjan, S.
700 _aVeerakumar, T.
942 _2ddc
_cEN
_h621.367
_mJAY